Fourier transform methods in finance

Bibliographic Details
Corporate Author: ProQuest (Firm)
Other Authors: Cherubini, Umberto.
Format: Electronic eBook
Language:English
Published: Chichester ; [Hoboken, NJ] : John Wiley & Sons, c2010.
Subjects:
Online Access:Click to View
LEADER 01368nam a2200361Ia 4500
001 EBC480426
003 MiAaPQ
005 20200520144314.0
006 m o d |
007 cr cn|||||||||
008 091103s2010 enka sb 001 0 eng d
010 |z  2009043688 
020 |z 9780470994009 (cloth) 
035 |a (MiAaPQ)EBC480426 
035 |a (Au-PeEL)EBL480426 
035 |a (CaPaEBR)ebr10361108 
035 |a (CaONFJC)MIL248313 
035 |a (OCoLC)593239932 
040 |a MiAaPQ  |c MiAaPQ  |d MiAaPQ 
050 4 |a HG6024.A3  |b F684 2010 
245 0 0 |a Fourier transform methods in finance  |h [electronic resource] /  |c Umberto Cherubini ... [et al.]. 
260 |a Chichester ;  |a [Hoboken, NJ] :  |b John Wiley & Sons,  |c c2010. 
300 |a xii, 242 p. :  |b ill. 
504 |a Includes bibliographical references and index. 
533 |a Electronic reproduction. Ann Arbor, MI : ProQuest, 2015. Available via World Wide Web. Access may be limited to ProQuest affiliated libraries. 
650 0 |a Options (Finance)  |x Mathematical models. 
650 0 |a Securities  |x Prices  |x Mathematical models. 
650 0 |a Finance  |x Mathematical models. 
650 0 |a Fourier analysis. 
655 4 |a Electronic books. 
700 1 |a Cherubini, Umberto. 
710 2 |a ProQuest (Firm) 
856 4 0 |u https://ebookcentral.proquest.com/lib/matrademy/detail.action?docID=480426  |z Click to View